00596nam a2200181Ia 4500008004100000082001900041100001100060245003400071260003700105300000800142520001500150620001500165630003400180730003400214942000900248999001900257952013800276100122s9999 xx 000 0 und d b35152a133.335 aRASAJO aHORARY NUMEROLOGY OF THE TRUF bD.B.TARAPOREVALA & SONS COc1905 a146 aNUMEROLOGY aNUMEROLOGY aHORARY NUMEROLOGY OF THE TRUF aHORARY NUMEROLOGY OF THE TRUF cBOOK c371099d371096 00104070aSVPPARLEbSVPPARLEd1983-08-30g10.00l0o35152pSVPPARLE-35152r2010-01-25 00:00:00v10.00w2010-01-25yBOOKz", , , NA"